عرض عادي
عرض مارك
- احتلال العراق 2003-
دخول Topical Term
001 - CONTROL NUMBER
- control field: 29259
003 - CONTROL NUMBER IDENTIFIER
- control field: AE-AdECS
005 - DATE AND TIME OF LATEST TRANSACTION
- control field: 20260424095302.0
008 - FIXED-LENGTH DATA ELEMENTS
- fixed length control field: 260424|| aca||aabn | a|a d
040 ## - CATALOGING SOURCE
- Original cataloging agency: AE-AdECS
- Transcribing agency: AE-AdECS
150 ## - HEADING--TOPICAL TERM
- Topical term or geographic name entry element: احتلال العراق 2003-
- General subdivision: آثاره السياسية
670 ## - SOURCE DATA FOUND
- Source citation: Work cat.: (AE-AdECS)294910: محمد، تارا عمر مؤلفة. 29258, إشكاليات الانتقال إلى الديمقراطية في العراق بعد 2003 /
